| 000 | 01191cam a2200241 4500 | ||
|---|---|---|---|
| 001 | WB@3612-412 | ||
| 008 | 041027n2004 000 0 eng u | ||
| 035 | _a(Sirsi) u127831 | ||
| 245 | _aEnvironmental crisis due to housebuilding | ||
| 260 | _c2004 | ||
| 490 |
_aRegeneration and Renewal _v22 October 2004, 5(1) |
||
| 520 | _aExperts have warned of an impending environmental crisis in eastern England's countryside after the region's assembly approved the building of nearly half a million homes by 2021. "RSS14 for the East of England: report of the strategic environmental assessment" warns of chronic shortages of piped water, the risk of floods, harm to the environment and wildlife, adverse effects on town-scapes, a slump in the regions' quality of life and a battle for land between the public sector and private enterprise. The report is available from: http://www.eera.gov.uk/index.asp. | ||
| 590 | _aWB | ||
| 590 | _aWB | ||
| 650 | _aHIGH-DEMAND HOUSING AREAS | ||
| 650 | _aSOUTHEAST ENGLAND | ||
| 650 |
_aENVIRONMENT _96238 |
||
| 650 | _aPLANNING | ||
| 650 | _aNEW HOUSING | ||
| 650 | _aSUSTAINABLE DEVELOPMENT | ||
| 690 | _aHOUSING-DEVELOPMENT | ||
| 942 | _n0 | ||
| 999 |
_c118231 _d118231 |
||